书目信息 |
| 题名: |
土地利用规划学实习手册
|
|
| 作者: | 王万茂 , 王群 编著 | |
| 分册: | ||
| 出版信息: | 北京 中国农业出版社 2016.05 |
|
| 页数: | 414页 | |
| 开本: | 26cm | |
| 丛书名: | 土地资源管理专业系列教材 | |
| 单 册: | ||
| 中图分类: | F301.2 | |
| 科图分类: | ||
| 主题词: | 农业经济学 | |
| 电子资源: | ||
| ISBN: | 978-7-109-21553-5 | |
| 000 | 00722nam0 2200229 45 | |
| 001 | 2156817457 | |
| 005 | 20211018154842.52 | |
| 010 | @a978-7-109-21553-5@dRMB 48.50 | |
| 100 | @a20211018d2016 km y0chiy0120 ea | |
| 101 | 0 | @achi |
| 102 | @aCN@b110000 | |
| 200 | 1 | @a土地利用规划学实习手册@Atu di li yong gui hua xue shi xi shou ce@f王万茂, 王群编著@Fwang wan mao,wang qun bian zhu |
| 210 | @a北京@c中国农业出版社@d2016.05 | |
| 215 | @a414页@d26cm | |
| 225 | 2 | @a土地资源管理专业系列教材 |
| 410 | 0 | @12001 @a土地资源管理专业系列教材 |
| 606 | 0 | @a农业经济学 |
| 690 | @aF301.2@v4 | |
| 701 | 0 | @a王万茂@Awang wan mao@4编著 |
| 701 | 0 | @a王群@Awang qun@4编著 |
| 801 | 0 | @aCN@bPFT@c20211018 |
| 905 | @a10447@dF301.2@eW3745 | |
| 土地利用规划学实习手册/王万茂, 王群编著.-北京:中国农业出版社,2016.05 |
| 414页;26cm.-(土地资源管理专业系列教材) |
| ISBN 978-7-109-21553-5:RMB 48.50 |
| ● |
| 相关链接 |
|
|
|
正题名:土地利用规划学实习手册
索取号:F301.2/W3745
 
预约/预借
| 序号 | 登录号 | 条形码 | 馆藏地/架位号 | 状态 | 备注 |
| 1 | 1505231 | 215052314 | 测绘与城市空间信息学院资料室/ [索取号:F301.2/W3745] | 在馆 |